La velocipedia en los enfermos del corazón / (Record no. 102843)

MARC details
000 -LEADER
campo de control de longitud fija 00711nam a22002175i 4500
001 - NÚMERO DE CONTROL
campo de control 102843
003 - IDENTIFICADOR DE NÚMERO DE CONTROL
campo de control ES-MaACL
005 - FECHA Y HORA DE LA ÚLTIMA TRANSACCIÓN
campo de control 20230906183210.0
007 - CAMPO FIJO DE DESCRIPCIÓN FÍSICA--INFORMACIÓN GENERAL
campo de control de longitud fija t|
008 - DATOS DE LONGITUD FIJA--INFORMACIÓN GENERAL
campo de control de longitud fija 950926s1894 sp ||||1| spa d
040 ## - FUENTE DE CATALOGACIÓN
Centro catalogador/agencia de origen CAM
Lengua de catalogación spa
Centro/agencia transcriptor CAM
100 1# - ENTRADA PRINCIPAL--NOMBRE DE PERSONA
Nombre de persona Espina y Capo, Antonio,
Fechas asociadas al nombre 1850-1930
9 (RLIN) 47840
245 13 - MENCIÓN DEL TÍTULO
Título La velocipedia en los enfermos del corazón /
Mención de responsabilidad, etc. por Antonio Espina y Capo.
260 ## - PUBLICACIÓN, DISTRIBUCIÓN, ETC.
Lugar de publicación, distribución, etc. Madrid :
Nombre del editor, distribuidor, etc. [s.n.],
Fecha de publicación, distribución, etc. 1894 (
Fabricante Administración de la Revista de Medicina y Cirugía Prácticas)
300 ## - DESCRIPCIÓN FÍSICA
Extensión 24 p. ;
Dimensiones 18 cm.
650 #4 - PUNTO DE ACCESO ADICIONAL DE MATERIA--TÉRMINO DE MATERIA
Término de materia o nombre geográfico como elemento de entrada Ciclismo.
9 (RLIN) 151744
650 #4 - PUNTO DE ACCESO ADICIONAL DE MATERIA--TÉRMINO DE MATERIA
Término de materia o nombre geográfico como elemento de entrada Corazón-
Subdivisión general Enfermedades.
9 (RLIN) 144728
650 #4 - PUNTO DE ACCESO ADICIONAL DE MATERIA--TÉRMINO DE MATERIA
Término de materia o nombre geográfico como elemento de entrada Velocípedos.
9 (RLIN) 170619
852 ## - LOCALIZACIÓN
Ubicación ES-MaACL
Número de control de estantería T-882-F-7
Holdings
Estatus retirado Estado de pérdida Estado de daño No para préstamo Colección Biblioteca de origen Biblioteca actual Ubicación en estantería Fecha de adquisición Fuente de adquisición Total de préstamos Signatura topográfica completa Código de barras Visto por última vez Precio de reemplazo Tipo de ítem Koha
        Colección de folletos Biblioteca del Ateneo de Madrid Biblioteca del Ateneo de Madrid Depósito folletos 17/01/2008     T-882-F-7 1107366 23/02/2023 23/02/2023 Folleto